Word Ladder: Harry Potter Acronyms Quiz Stats

 Plays Quiz Updated Jan 12, 2018

Challenge
Share
Tweet
Embed
Score 0/27 Timer 03:00
0 Plays Today
Clue 4-Letter Word % Correct
AutumnFALL
88.1%
Home to a birdNEST
84.7%
Email buttonSEND
83.6%
Take a nap or put your feet upREST
81.9%
A service at a churchMASS
81.3%
7th year tests at Hogwarts NEWT
80.2%
Sail supporterMAST
80%
A sloppy disasterMESS
79.7%
Chip's cartoon partnerDALE
79.5%
What you get from the Daily ProphetNEWS
78.6%
Simba's mate in 'The Lion King'NALA
78.4%
Baby plantSEED
76.4%
Class with a new annual teacherDADA
75.3%
Eliot the UntouchableNESS
74.8%
Clue 4-Letter Word % Correct
5th year tests at HogwartsOWLS
74.6%
County where Miami isDADE
74.5%
Zip or nil, to a SpaniardNADA
73.7%
Ingredient in beer-makingMALT
71.5%
FDR's pet dogFALA
71.5%
Musical based on Puccini's 'La bohème'RENT
70.6%
Bull, tom, or billy, e.g.MALE
70.2%
Types of paintingsOILS
70.2%
Tear something into two piecesREND
70.1%
SateFILL
68%
Son, in FrenchFILS
66.6%
Going fast in the pastSPED
63.6%
Hermione's advocacy group SPEW
46.6%

Today's Daily Dose

You're not logged in!

Compare scores with friends on all Sporcle quizzes.
Join for Free
OR
Log In

You Might Also Like...

Show Comments

Extras

Top Quizzes Today


Score Distribution

Your Account Isn't Verified!

In order to create a playlist on Sporcle, you need to verify the email address you used during registration. Go to your Sporcle Settings to finish the process.

Report this User

Report this user for behavior that violates our Community Guidelines.

Details: